Paternidad irresponsable en El Salvador

Tallennettuna:
Bibliografiset tiedot
Aineistotyyppi: Teksti
Tagit: Lisää tagi
Ei tageja, Lisää ensimmäinen tagi!

MARC

LEADER 00000 a a2200000 04500
001 42609
003
040
245 |a Paternidad irresponsable en El Salvador  
773 |g volumen25, número1117 ( , 2004), páginas 10-11 : tablas  
999 |c 34779  |d 34779